Statistics for Famous Buildings and Structures Picture Quiz

Click here to take the quiz!

General Stats

  • This quiz has been taken 42 times
  • The average score is 7 of 10

Answer Stats

Answer% Correct
Eiffel Tower
100%
Elizabeth Tower
100%
Empire State Building
94%
Statue of Liberty
82%
Burj Khalifa
68%
CN Tower
68%
Taipei 101
59%
Willis Tower
59%
Gherkin
44%
Canton Tower
18%

Score Distribution

Percentile by Number Answered

Percent of People with Each Score

Your Score History

You have not taken this quiz